Nurses Recruitment Guide Volume 2 (Record no. 369368)

MARC details
000 -LEADER
fixed length control field 00520nam a2200181 4500
005 - DATE AND TIME OF LATEST TRANSACTION
control field 20251215130016.0
008 - FIXED-LENGTH DATA ELEMENTS--GENERAL INFORMATION
fixed length control field 251215b |||||||| |||| 00| 0 eng d
020 ## - INTERNATIONAL STANDARD BOOK NUMBER
International Standard Book Number 978-93-8600615-8
041 ## - LANGUAGE CODE
Language code of text/sound track or separate title Eng
082 ## - DEWEY DECIMAL CLASSIFICATION NUMBER
Edition number 3rd ed. 2021
Classification number F 610.73 CLE
Item number B11987
100 ## - MAIN ENTRY--PERSONAL NAME
Author Clement I
245 ## - TITLE STATEMENT
Title Nurses Recruitment Guide Volume 2
Remainder of title Secret of Success
250 ## - EDITION STATEMENT
Edition statement 3rd. ed. 2021
260 ## - PUBLICATION, DISTRIBUTION, ETC.
Place of publication, distribution, etc. Bangalore
Name of publisher, distributor, etc. EMMESS
Date of publication, distribution, etc. 2021
300 ## - PHYSICAL DESCRIPTION
Extent vi,819p. to1529p.
Other physical details pb
Dimensions 27cmx21cm
365 ## - TRADE PRICE
Price type code Rupaye
Price amount 897.50
Currency code INR
942 ## - ADDED ENTRY ELEMENTS (KOHA)
Koha item type Books
Holdings
Withdrawn status Lost status Source of classification or shelving scheme Damaged status Not for loan Collection code Home library Current library Date acquired Vendor Net Price Bill number Total Checkouts Full call number Barcode Date last seen Discount Actual Price Bill Date Koha item type Original Barcode
    Dewey Decimal Classification   Reference Reference Smt. Bakul Tambat Institute of Nursing Education Smt. Bakul Tambat Institute of Nursing Education 18/11/2025 Patil Medical Book 601.33 2026   F 610.73 CLE B11987 BTIN-BK-11987 15/12/2025 33% 897.50 29/10/2025 Books BTIN-BK-11987
    Dewey Decimal Classification     Non-fiction Smt. Bakul Tambat Institute of Nursing Education Smt. Bakul Tambat Institute of Nursing Education 18/11/2025 Patil Medical Book 601.33 2026   F 610.73 CLE B11988 BTIN-BK-11988 15/12/2025 33% 897.50 29/10/2025 Books BTIN-BK-11988